00319nam a2200109Ia 4500008004100000245009500041260002000136260000900156300000900165500002200174650001300196170224s9999 xx 000 0 und d aTime and costs of preparing and submitting an NIH grant application at a school of nursing bNursing Outlook c2015 a63:6 aNovember/December xNursing.